[Event "Torneo A"]
[Site "Formia ITA"]
[Date "1995.07.??"]
[Round "?"]
[White "Marinelli, Tullio"]
[Black "Fiore, Mario"]
[Result "1/2-1/2"]
[WhiteElo "2440"]
[BlackElo "2340"]
[PlyCount "56"]
[EventDate "1995.07.20"]

1. d4 d5 2. c4 c6 3. Nf3 Nf6 4. Nc3 dxc4 5. a4 Bf5 6. e3 e6 7. Bxc4 Bb4 8. O-O
Nbd7 9. Qe2 Bg4 10. e4 O-O 11. e5 Nd5 12. Ne4 c5 13. Rd1 cxd4 14. Bxd5 exd5 15.
Neg5 Bc5 16. b4 Bxf3 17. Qxf3 Be7 18. Qh5 Bxg5 19. Bxg5 Qb6 20. Be7 Rfe8 21.
Bd6 g6 22. Qh6 Nxe5 23. Bc5 Qe6 24. Bxd4 f6 25. b5 a6 26. h3 axb5 27. axb5 Rxa1
28. Rxa1 Qf5 1/2-1/2

[Event "Torneo A"]
[Site "Formia ITA"]
[Date "1995.07.??"]
[Round "?"]
[White "Marinelli, Tullio"]
[Black "Klinova, Masha"]
[Result "1-0"]
[WhiteElo "2440"]
[BlackElo "2265"]
[PlyCount "51"]
[EventDate "1995.07.20"]

1. d4 d6 2. c4 e5 3. Nc3 exd4 4. Qxd4 Nc6 5. Qd2 Nf6 6. g3 a5 7. Bg2 a4 8. Nf3
Be6 9. Nd4 d5 10. Nxe6 fxe6 11. O-O d4 12. Nb5 Bc5 13. Qg5 Qe7 14. Nxc7+ Qxc7
15. Qxc5 O-O-O 16. Qb5 h5 17. Bh3 Ng4 18. Bf4 e5 19. Bg5 Rd6 20. f3 Rg6 21. Bh4
d3 22. exd3 Nd4 23. Qd5 Nf5 24. fxg4 hxg4 25. Rxf5 gxh3 26. Raf1 1-0

[Event "Torneo A"]
[Site "Formia ITA"]
[Date "1995.07.??"]
[Round "?"]
[White "Marinelli, Tullio"]
[Black "Kovacevic, Blazimir"]
[Result "1-0"]
[WhiteElo "2440"]
[BlackElo "2340"]
[PlyCount "79"]
[EventDate "1995.07.20"]

1. d4 e6 2. c4 f5 3. g3 Nf6 4. Bg2 c6 5. Nf3 d5 6. O-O Bd6 7. b3 Qe7 8. a4 a5
9. Ba3 Bxa3 10. Nxa3 O-O 11. Nc2 b6 12. Ne5 Bb7 13. cxd5 exd5 14. f4 Na6 15. h3
c5 16. Rc1 Rac8 17. Ne3 Qe6 18. g4 g6 19. gxf5 gxf5 20. Kh2 Nb4 21. Rc3 Kh8 22.
Nc2 Nc6 23. Re3 Ne4 24. Bxe4 fxe4 25. Nxc6 Bxc6 26. Rg3 Be8 27. Ne3 Rd8 28. Ng4
Bh5 29. Ne5 Rg8 30. Rg5 Rxg5 31. fxg5 Qe7 32. Rf6 Re8 33. Kh1 Kg8 34. Qf1 cxd4
35. Nc6 Qg7 36. Nxd4 Qxg5 37. Ne6 Rxe6 38. Rxe6 d4 39. Rxe4 Bg6 40. Rxd4 1-0

[Event "Torneo A"]
[Site "Formia ITA"]
[Date "1995.07.??"]
[Round "?"]
[White "Marinelli, Tullio"]
[Black "Palac, Mladen"]
[Result "1/2-1/2"]
[WhiteElo "2440"]
[BlackElo "2515"]
[PlyCount "113"]
[EventDate "1995.07.20"]

1. d4 Nf6 2. c4 e6 3. Nc3 Bb4 4. e3 O-O 5. Bd3 c5 6. Nf3 d5 7. O-O Nc6 8. a3
Bxc3 9. bxc3 Qc7 10. cxd5 exd5 11. h3 Re8 12. c4 cxd4 13. cxd5 Nxd5 14. exd4 h6
15. Bd2 Be6 16. Qc1 Rac8 17. Re1 Qd7 18. Bb5 f6 19. Qb2 Nb6 20. Rac1 Bd5 21.
Rxe8+ Rxe8 22. Nh2 Qf7 23. Ng4 Qg6 24. Bf1 Rd8 25. Bf4 Rd7 26. Ne3 Be6 27. Rd1
Qe4 28. Bg3 Nxd4 29. Bd3 Qc6 30. Bh7+ Kxh7 31. Rxd4 Na4 32. Qb1+ Kg8 33. Rxd7
Bxd7 34. Qb3+ Be6 35. Qd3 b5 36. Kh2 Nc5 37. Qd8+ Kf7 38. Bd6 Nb7 39. Qe7+ Kg6
40. Bg3 Qd7 41. Qb4 a5 42. Qc3 Kf7 43. f3 Qc8 44. Be1 Qxc3 45. Bxc3 Ke7 46. g4
Kd6 47. h4 Kc5 48. g5 hxg5 49. hxg5 b4 50. axb4+ axb4 51. Bb2 fxg5 52. Bxg7 b3
53. Nf1 Nd6 54. Nd2 Nf5 55. Nxb3+ Bxb3 56. Bf6 Nd4 57. Kg3 1/2-1/2

[Event "Torneo A"]
[Site "Formia ITA"]
[Date "1995.07.??"]
[Round "?"]
[White "Martorelli, Antonio"]
[Black "Borgo, Giulio"]
[Result "1/2-1/2"]
[WhiteElo "2320"]
[BlackElo "2345"]
[PlyCount "22"]
[EventDate "1995.07.20"]

1. e4 e5 2. Nf3 Nc6 3. Bb5 a6 4. Ba4 Nf6 5. O-O Be7 6. Re1 O-O 7. c3 d6 8. h3
b5 9. Bb3 Na5 10. Bc2 c5 11. d4 Qc7 1/2-1/2

[Event "Torneo A"]
[Site "Formia ITA"]
[Date "1995.07.??"]
[Round "?"]
[White "Martorelli, Antonio"]
[Black "Contin, Daniel"]
[Result "0-1"]
[WhiteElo "2320"]
[BlackElo "2365"]
[PlyCount "108"]
[EventDate "1995.07.20"]

1. e4 e6 2. d4 d5 3. Nc3 Bb4 4. exd5 exd5 5. Bd3 Nc6 6. a3 Bxc3+ 7. bxc3 Qf6 8.
Qh5 Qe7+ 9. Ne2 Nf6 10. Qh4 Ne4 11. Qxe7+ Nxe7 12. c4 c6 13. O-O Bf5 14. g4
dxc4 15. Bxc4 Nd6 16. Bxf7+ Kxf7 17. gxf5 Nexf5 18. Bf4 Nc4 19. Rfb1 b6 20. Rb4
b5 21. d5 g5 22. Bg3 Rhe8 23. Nc3 Nd4 24. dxc6 a6 25. Rd1 Nxc6 26. Rb3 N6a5 27.
Rb4 Nxa3 28. Rg4 N5c4 29. Rxg5 Rad8 30. Nd5 Nxc2 31. Rf5+ Kg6 32. Rf4 Kg7 33.
Bh4 Rd6 34. Bf6+ Kg8 35. Rd3 Re1+ 36. Kg2 Re3 37. fxe3 Ne1+ 38. Kf1 Nxd3 39.
Rg4+ Kf7 40. Rg7+ Ke6 41. e4 Rxd5 42. exd5+ Kxf6 43. Rxh7 b4 44. Rh6+ Ke5 45.
Rxa6 b3 46. Ra8 Nb4 47. Rb8 Ne3+ 48. Ke2 Nexd5 49. Kd2 b2 50. Re8+ Kd4 51. Re1
Nc3 52. Rg1 Ne4+ 53. Ke2 Nd3 54. Kf3 Nc1 0-1

[Event "Torneo A"]
[Site "Formia ITA"]
[Date "1995.07.??"]
[Round "?"]
[White "Martorelli, Antonio"]
[Black "Kovacevic, Blazimir"]
[Result "1/2-1/2"]
[WhiteElo "2320"]
[BlackElo "2340"]
[PlyCount "192"]
[EventDate "1995.07.20"]

1. e4 e6 2. Nc3 d5 3. Nf3 Nf6 4. e5 Nfd7 5. d4 c5 6. Bb5 Nc6 7. O-O Qb6 8. Be3
Be7 9. a4 Qc7 10. dxc5 Nxc5 11. Nd4 O-O 12. Bxc6 bxc6 13. Qg4 f5 14. Qg3 Rb8
15. b3 Kh8 16. Bd2 Qd7 17. Rad1 Rb4 18. Bg5 Bxg5 19. Qxg5 Rb8 20. f3 a5 21. Qd2
Ba6 22. Rfe1 Nb7 23. f4 c5 24. Nf3 Qc6 25. Qf2 Nd8 26. Qh4 Nf7 27. Rd2 Kg8 28.
h3 Rb4 29. Ng5 Nxg5 30. Qxg5 Rb7 31. Qg3 Rd8 32. Red1 Rbd7 33. Qf3 Qb6 34. Kh2
d4 35. Nb1 c4 36. bxc4 Bxc4 37. Na3 Qc5 38. Kg3 Bd5 39. Qd3 Be4 40. Qb3 Bd5 41.
Qd3 Be4 42. Qb3 Qe7 43. Kh2 Bd5 44. Qg3 Bc6 45. Nc4 Qb4 46. Qb3 d3 47. Qxb4
axb4 48. cxd3 Bxa4 49. Ra1 Bb3 50. Nd6 Bd5 51. g4 fxg4 52. hxg4 Rc7 53. Kg3 b3
54. f5 Rb8 55. Kf2 Rb4 56. Rb2 h6 57. f6 gxf6 58. Ne8 Rc2+ 59. Rxc2 bxc2 60.
Nxf6+ Kf7 61. Rc1 Bb3 62. Ne4 Ba4 63. Ke3 Rb2 64. Nc5 Rb1 65. Kd2 Rxc1 66. Kxc1
Bc6 67. Kxc2 Bf3 68. Kd2 Bxg4 69. Ke3 Kg6 70. Kf4 h5 71. d4 Bh3 72. Ne4 h4 73.
Ng5 Bf5 74. Nf3 Bc2 75. Nxh4+ Kf7 76. Ke3 Kg7 77. Ng2 Kg6 78. Kd2 Be4 79. Ne3
Kg5 80. Kc3 Kf4 81. Nc4 Bd5 82. Kb4 Bg2 83. Kc5 Bh3 84. Nd6 Bg2 85. Ne8 Bh3 86.
Nc7 Ke4 87. Nb5 Bg4 88. Na7 Bh3 89. Nc6 Bg4 90. Nd8 Bf5 91. Nf7 Bg4 92. Ng5+
Kf5 93. Nh7 Kf4 94. Nf6 Bh3 95. Nh5+ Ke4 96. Ng7 Bg4 1/2-1/2

[Event "Torneo A"]
[Site "Formia ITA"]
[Date "1995.07.??"]
[Round "?"]
[White "Martorelli, Antonio"]
[Black "Nurkic, Sahbaz"]
[Result "1/2-1/2"]
[WhiteElo "2320"]
[BlackElo "2420"]
[PlyCount "83"]
[EventDate "1995.07.20"]

1. e4 g6 2. d4 Bg7 3. Nc3 c6 4. Nf3 Nf6 5. e5 Nd5 6. Ne4 O-O 7. c4 Nc7 8. Be3
d6 9. Be2 Bg4 10. exd6 exd6 11. Qb3 d5 12. Nc3 dxc4 13. Qxb7 Nba6 14. Qxc6 Nb4
15. Qa4 Nd3+ 16. Bxd3 cxd3 17. Ne5 Bf5 18. O-O h5 19. Rfd1 Bxe5 20. dxe5 Re8
21. Bxa7 Rxe5 22. Qf4 Re8 23. Bb6 Ne6 24. Qxf5 Qxb6 25. Qxd3 Qxb2 26. Rab1 Nf4
27. Qxg6+ fxg6 28. Rxb2 Ra3 29. Nb5 Rd3 30. Rbb1 Re2 31. a4 Ra2 32. Rxd3 Nxd3
33. Nc3 Ra3 34. Nd5 Rxa4 35. g3 Ra2 36. Rb8+ Kf7 37. Nb4 Ra1+ 38. Kg2 Ne1+ 39.
Kf1 Nf3+ 40. Kg2 Ne1+ 41. Kf1 Nf3+ 42. Kg2 1/2-1/2

[Event "Torneo A"]
[Site "Formia ITA"]
[Date "1995.07.??"]
[Round "?"]
[White "Martorelli, Antonio"]
[Black "Zlochevskij, Alexander"]
[Result "0-1"]
[WhiteElo "2320"]
[BlackElo "2465"]
[PlyCount "94"]
[EventDate "1995.07.20"]

1. e4 d5 2. exd5 Nf6 3. c4 c6 4. Nc3 cxd5 5. d4 e6 6. Nf3 Bb4 7. cxd5 Nxd5 8.
Qc2 Nc6 9. Bc4 Nb6 10. Bb3 Na5 11. Bg5 Qc7 12. O-O O-O 13. Qe4 Nxb3 14. axb3 f6
15. Bd2 Qf7 16. Nb5 Bxd2 17. Nxd2 Nd5 18. Rxa7 Rxa7 19. Nxa7 Bd7 20. Ra1 Qe7
21. Qd3 Qb4 22. Nf3 Ra8 23. Ra3 Rd8 24. h3 Be8 25. Qe2 Qb6 26. Qd2 Nb4 27. Qc3
Nc6 28. Nxc6 Bxc6 29. Qc5 Qc7 30. b4 Qd6 31. Qc4 Qd5 32. Qe2 Qd6 33. b5 Bd5 34.
Qd2 Rc8 35. Rc3 Ra8 36. Qc1 Rd8 37. Nd2 Qf4 38. Rc8 Rxc8 39. Qxc8+ Kf7 40. Qc3
Qd6 41. Qd3 Qb4 42. Nf3 Qxb2 43. Nh2 Qc1+ 44. Qf1 Qxf1+ 45. Nxf1 Bc4 46. b6
Bxf1 47. Kxf1 Ke7 0-1

[Event "Torneo A"]
[Site "Formia ITA"]
[Date "1995.07.??"]
[Round "?"]
[White "Naumkin, Igor"]
[Black "Marinelli, Tullio"]
[Result "1-0"]
[WhiteElo "2455"]
[BlackElo "2440"]
[PlyCount "67"]
[EventDate "1995.07.20"]

1. d4 Nf6 2. c4 e6 3. Nf3 b6 4. g3 Bb7 5. Bg2 Be7 6. Nc3 Ne4 7. Bd2 f5 8. d5
Bf6 9. Qc2 Qe7 10. Rd1 Na6 11. O-O Nac5 12. Nb5 O-O 13. Nxc7 Rac8 14. Nb5 exd5
15. cxd5 Bxd5 16. Qb1 Bc4 17. Nbd4 g6 18. Bh6 Rfe8 19. Rc1 Bf7 20. Be3 Bg7 21.
Rc2 h6 22. Rfc1 a5 23. b4 axb4 24. Qxb4 Nf6 25. Nh4 Ng4 26. Ndxf5 gxf5 27. Nxf5
Qe6 28. Qxg4 Qg6 29. Qxg6 Bxg6 30. Nd6 Bxc2 31. Nxc8 Rxc8 32. Rxc2 Re8 33. Rc4
Kf8 34. Rb4 1-0

[Event "Torneo A"]
[Site "Formia ITA"]
[Date "1995.07.??"]
[Round "?"]
[White "Naumkin, Igor"]
[Black "Zlochevskij, Alexander"]
[Result "1/2-1/2"]
[WhiteElo "2455"]
[BlackElo "2465"]
[PlyCount "23"]
[EventDate "1995.07.20"]

1. d4 d5 2. c4 c6 3. cxd5 cxd5 4. Nc3 Nf6 5. Nf3 Nc6 6. Bf4 Bf5 7. e3 e6 8. Bd3
Bxd3 9. Qxd3 Be7 10. h3 a6 11. O-O Rc8 12. Rac1 1/2-1/2

[Event "Torneo A"]
[Site "Formia ITA"]
[Date "1995.07.??"]
[Round "?"]
[White "Nurkic, Sahbaz"]
[Black "De Santis, Alessio"]
[Result "1/2-1/2"]
[WhiteElo "2420"]
[BlackElo "2260"]
[PlyCount "122"]
[EventDate "1995.07.20"]

1. e4 d6 2. d4 Nf6 3. Nc3 c6 4. f4 Qa5 5. e5 Ne4 6. Qf3 d5 7. Bd3 Na6 8. Nge2
g6 9. O-O Nxc3 10. bxc3 e6 11. g4 h5 12. h3 hxg4 13. hxg4 Bd7 14. Bd2 c5 15. f5
c4 16. fxg6 O-O-O 17. Qxf7 cxd3 18. Ng3 dxc2 19. Nh5 Nc5 20. dxc5 Qxc5+ 21. Rf2
d4 22. Rc1 d3 23. Re1 Bh6 24. g5 Bxg5 25. Bxg5 Rxh5 26. Qf6 Re8 27. Kg2 Bc6+
28. Kg3 Rxg5+ 29. Qxg5 Qxc3 30. Qd2 Qxd2 31. Rxd2 Be4 32. g7 Rg8 33. Kf4 Bg6
34. Rg2 Rxg7 35. Ke3 Rd7 36. Kd2 Bf5 37. Reg1 Kc7 38. Rg7 a6 39. a4 Rxg7 40.
Rxg7+ Kc6 41. a5 b6 42. axb6 Kxb6 43. Rg8 Kc5 44. Rd8 a5 45. Ra8 Kb4 46. Rb8+
Kc5 47. Ra8 Kb4 48. Rb8+ Kc4 49. Ra8 Kb4 50. Rb8+ Ka3 51. Rb6 a4 52. Kc1 Ka2
53. Rb2+ Ka1 54. Rb4 a3 55. Rb3 Ka2 56. Rb6 Be4 57. Rxe6 Bd5 58. Rb6 Bb3 59.
Rd6 Bc4 60. Rb6 Bb3 61. Rd6 Bc4 1/2-1/2

[Event "Torneo A"]
[Site "Formia ITA"]
[Date "1995.07.??"]
[Round "?"]
[White "Nurkic, Sahbaz"]
[Black "Fiore, Mario"]
[Result "0-1"]
[WhiteElo "2420"]
[BlackElo "2340"]
[PlyCount "54"]
[EventDate "1995.07.20"]

1. e4 Nf6 2. e5 Nd5 3. c4 Nb6 4. c5 Nd5 5. Bc4 e6 6. Qg4 Nb4 7. Na3 b6 8. Nf3
Ba6 9. O-O N8c6 10. d4 Bxc4 11. Nxc4 Nd5 12. Bg5 Be7 13. Bd2 Kf8 14. Ne3 h5 15.
Qe4 Nxe3 16. fxe3 bxc5 17. d5 exd5 18. Qxd5 Qe8 19. e4 Rb8 20. Be3 Rxb2 21. Nd2
Nd4 22. Bxd4 Rxd2 23. Rxf7+ Qxf7 24. Rf1 Qxf1+ 25. Kxf1 g6 26. Qxd7 Rxd4 27.
Qc8+ Kg7 0-1

[Event "Torneo A"]
[Site "Formia ITA"]
[Date "1995.07.??"]
[Round "?"]
[White "Nurkic, Sahbaz"]
[Black "Lanzani, Mario"]
[Result "1-0"]
[WhiteElo "2420"]
[BlackElo "2330"]
[PlyCount "59"]
[EventDate "1995.07.20"]

1. e4 e6 2. d4 d5 3. Nd2 c5 4. Ngf3 Nc6 5. exd5 exd5 6. dxc5 Bxc5 7. Nb3 Bd6 8.
c3 Nge7 9. Be2 O-O 10. O-O Bg4 11. Re1 Bc7 12. Nfd4 Bxe2 13. Rxe2 Qd6 14. g3
Qd7 15. Qc2 Bb6 16. Be3 Ne5 17. Kg2 Nc4 18. Rd1 Nxe3+ 19. Rxe3 Rfe8 20. Rde1 g6
21. Qe2 Kf8 22. Qf3 Kg7 23. h4 h5 24. Re5 Bc7 25. Nc5 Qd6 26. Re6 fxe6 27.
Ncxe6+ Kh6 28. Qf6 Rg8 29. Qg5+ Kh7 30. Nxc7 1-0

[Event "Torneo A"]
[Site "Formia ITA"]
[Date "1995.07.??"]
[Round "?"]
[White "Nurkic, Sahbaz"]
[Black "Piskov, Yury"]
[Result "1/2-1/2"]
[WhiteElo "2420"]
[BlackElo "2535"]
[PlyCount "42"]
[EventDate "1995.07.20"]

1. e4 e6 2. d4 d5 3. Nd2 c5 4. Ngf3 Nf6 5. exd5 exd5 6. Bb5+ Bd7 7. Bxd7+ Nbxd7
8. O-O Be7 9. dxc5 Nxc5 10. Nb3 Nce4 11. Be3 O-O 12. c3 Re8 13. Bd4 Bd6 14. Re1
Qc7 15. Nc1 Re6 16. Nd3 Rae8 17. h3 a6 18. Be3 g6 19. Qc2 b5 20. a3 Nc5 21.
Rad1 Nxd3 1/2-1/2

[Event "Torneo A"]
[Site "Formia ITA"]
[Date "1995.07.??"]
[Round "?"]
[White "Ortega, Lexy"]
[Black "Dizdarevic, Emir"]
[Result "1-0"]
[WhiteElo "2440"]
[BlackElo "2500"]
[PlyCount "83"]
[EventDate "1995.07.20"]

1. d4 Nf6 2. Nf3 e6 3. Bf4 b6 4. e3 Bb7 5. Nbd2 Be7 6. Bd3 Nh5 7. Qe2 d6 8. h4
Nd7 9. Bh2 Nhf6 10. O-O-O c5 11. c3 Qc7 12. Kb1 a6 13. e4 e5 14. dxe5 dxe5 15.
Nf1 b5 16. Ne3 c4 17. Bc2 O-O-O 18. Nf5 Bf8 19. Ng5 g6 20. Ne3 Re8 21. Nxf7 Rg8
22. Ng5 h6 23. Nf3 Nc5 24. Nd5 Bxd5 25. exd5 Bd6 26. h5 gxh5 27. Nh4 e4 28.
Bxd6 Qxd6 29. Nf5 Qf4 30. Ne3 Nd3 31. b3 Rg7 32. bxc4 bxc4 33. Nxc4 Rc7 34. g3
Rb7+ 35. Ka1 Qc7 36. Bxd3 exd3 37. Qxd3 Re4 38. Rh4 Rxh4 39. gxh4 Rb5 40. d6
Qc5 41. d7+ Kd8 42. Nd6 1-0

[Event "Torneo A"]
[Site "Formia ITA"]
[Date "1995.07.??"]
[Round "?"]
[White "Ortega, Lexy"]
[Black "Drazic, Sinisa"]
[Result "1-0"]
[WhiteElo "2440"]
[BlackElo "2405"]
[PlyCount "94"]
[EventDate "1995.07.20"]

1. d4 e6 2. Nf3 c5 3. g3 b6 4. d5 Nf6 5. c4 exd5 6. cxd5 g6 7. Bg2 Bg7 8. Nc3
O-O 9. O-O d6 10. a4 Re8 11. Nd2 Ba6 12. Nb5 Bxb5 13. axb5 Nbd7 14. e4 a6 15.
Qb3 a5 16. Ra4 Rc8 17. f4 Qe7 18. Bf3 Kh8 19. Qc2 c4 20. Rxc4 Rxc4 21. Qxc4 Nc5
22. Re1 Nfxe4 23. Rxe4 Nxe4 24. Nxe4 h6 25. Bd2 f5 26. Nc3 g5 27. fxg5 hxg5 28.
g4 Be5 29. Kg2 Qh7 30. h3 Qh4 31. Ne2 fxg4 32. Bxg4 Rf8 33. Be3 Qe1 34. Bf3 g4
35. Qxg4 Rg8 36. Bg5 Rg6 37. Qh5+ Kg7 38. Be4 Rxg5+ 39. Qxg5+ Kf8 40. Qh6+ Ke7
41. Bf3 Qb4 42. Qe6+ Kf8 43. b3 Kg7 44. h4 Qxb3 45. h5 Qd3 46. h6+ Kh7 47. Qg4
Qe3 1-0

[Event "Torneo A"]
[Site "Formia ITA"]
[Date "1995.07.??"]
[Round "?"]
[White "Ortega, Lexy"]
[Black "Kovacevic, Blazimir"]
[Result "1-0"]
[WhiteElo "2440"]
[BlackElo "2340"]
[PlyCount "99"]
[EventDate "1995.07.20"]

1. d4 e6 2. Nf3 f5 3. d5 Bd6 4. dxe6 dxe6 5. Nc3 Nf6 6. e4 Bb4 7. Qxd8+ Kxd8 8.
Bd2 fxe4 9. Nxe4 Bxd2+ 10. Nexd2 Ke7 11. O-O-O Nbd7 12. Bc4 Ng4 13. Rde1 Nf8
14. Ne4 b6 15. h3 Nh6 16. Nd4 Nf7 17. Nc3 Bd7 18. f4 Nd6 19. Bd5 Rc8 20. f5
Nxf5 21. Nxf5+ Kf6 22. Nd4 exd5 23. Nxd5+ Kg5 24. Rhf1 Kh6 25. Ne7 Rd8 26. g4
g6 27. Nf3 Re8 28. Nd5 c6 29. Nf6 Rxe1+ 30. Rxe1 Be6 31. g5+ Kg7 32. Nd4 Kf7
33. Nxc6 h6 34. h4 hxg5 35. hxg5 Rh4 36. b3 a5 37. a4 Rf4 38. Ne5+ Kg7 39. Ne8+
Kg8 40. Nd3 Rf5 41. Nf6+ Kg7 42. Re5 Kf7 43. Kd2 Rf1 44. Rb5 Rg1 45. c4 Bf5 46.
Ne5+ Kg7 47. c5 bxc5 48. Rb7+ Nd7 49. Nexd7 Rxg5 50. Nf8+ 1-0

[Event "Torneo A"]
[Site "Formia ITA"]
[Date "1995.07.??"]
[Round "?"]
[White "Ortega, Lexy"]
[Black "Sulava, Nenad"]
[Result "1-0"]
[WhiteElo "2440"]
[BlackElo "2390"]
[PlyCount "73"]
[EventDate "1995.07.20"]

1. d4 d5 2. c4 c6 3. Nc3 e5 4. dxe5 d4 5. Ne4 Qa5+ 6. Bd2 Qxe5 7. Ng3 Nf6 8.
Nf3 Qd6 9. Qc2 Be7 10. O-O-O O-O 11. Bc3 dxc3 12. Rxd6 cxb2+ 13. Qxb2 Bxd6 14.
e4 Bf4+ 15. Kb1 Na6 16. e5 Ng4 17. h3 Ne3 18. Qd4 Nxf1 19. Qxf4 Nxg3 20. fxg3
b5 21. cxb5 Rb8 22. Nd4 c5 23. Ka1 cxd4 24. bxa6 d3 25. Rb1 Rxb1+ 26. Kxb1 Bxa6
27. Kc1 h6 28. Qe4 Re8 29. Kd2 Re6 30. a4 g6 31. Qa8+ Kg7 32. Qxa7 h5 33. Qc7
Kg8 34. Ke3 f6 35. Qd8+ Kf7 36. Qd7+ Re7 37. e6+ 1-0

[Event "Torneo A"]
[Site "Formia ITA"]
[Date "1995.07.??"]
[Round "?"]
[White "Ortega, Lexy"]
[Black "Vukovic, Zdravko"]
[Result "1/2-1/2"]
[WhiteElo "2440"]
[BlackElo "2470"]
[PlyCount "47"]
[EventDate "1995.07.20"]

1. g3 e6 2. Bg2 Nf6 3. d3 d5 4. f4 b5 5. Na3 b4 6. Nb1 Bb7 7. a3 a5 8. Nf3 Be7
9. O-O O-O 10. e3 c5 11. axb4 axb4 12. Rxa8 Bxa8 13. Nbd2 Nc6 14. e4 dxe4 15.
dxe4 c4 16. Nxc4 Bc5+ 17. Be3 Bxe3+ 18. Nxe3 Qb6 19. Qe2 Nxe4 20. Kh1 Ne7 21.
Nc4 Qa7 22. Nfe5 Qd4 23. Nf3 Qa7 24. Nfe5 1/2-1/2

[Event "Torneo A"]
[Site "Formia ITA"]
[Date "1995.07.??"]
[Round "?"]
[White "Palac, Mladen"]
[Black "Arlandi, Ennio"]
[Result "1-0"]
[WhiteElo "2515"]
[BlackElo "2455"]
[PlyCount "55"]
[EventDate "1995.07.20"]

1. e4 c6 2. d4 d5 3. Nc3 dxe4 4. Nxe4 Nd7 5. Bd3 Ngf6 6. Ng5 e6 7. Qe2 Bd6 8.
N1f3 h6 9. Ne4 Nxe4 10. Qxe4 Qc7 11. Qg4 g5 12. Qh3 Rg8 13. Nd2 Bf8 14. O-O Nf6
15. f4 e5 16. f5 exd4 17. Re1+ Kd8 18. Ne4 Nxe4 19. Rxe4 c5 20. b4 b6 21. bxc5
bxc5 22. Bc4 Qc6 23. Re2 Qf6 24. Bd2 a5 25. Qb3 Bg7 26. Rae1 Bd7 27. Bxf7 Rf8
28. Be6 1-0

[Event "Torneo A"]
[Site "Formia ITA"]
[Date "1995.07.??"]
[Round "?"]
[White "Palac, Mladen"]
[Black "Drazic, Sinisa"]
[Result "1/2-1/2"]
[WhiteElo "2515"]
[BlackElo "2405"]
[PlyCount "126"]
[EventDate "1995.07.20"]

1. e4 Nf6 2. e5 Nd5 3. d4 d6 4. Nf3 Nb6 5. Nc3 g6 6. Bf4 Bg7 7. h3 O-O 8. Qd2
Nc6 9. O-O-O dxe5 10. Nxe5 Nxe5 11. Bxe5 Bxe5 12. dxe5 Qxd2+ 13. Rxd2 Be6 14.
Be2 Rfd8 15. Rhd1 Rxd2 16. Rxd2 c6 17. f4 Bd5 18. g3 e6 19. Nd1 Bg2 20. Bg4 Be4
21. Nf2 Bd5 22. b3 c5 23. c4 Bc6 24. Bd1 Kf8 25. Bc2 Ke7 26. Be4 Rc8 27. Bxc6
Rxc6 28. Ne4 Rc8 29. Nd6 Rb8 30. g4 h6 31. Kd1 a6 32. Ke2 Nd7 33. Nxf7 Rf8 34.
Nxh6 Rxf4 35. Ng8+ Ke8 36. Ke3 Rf8 37. Nf6+ Nxf6 38. exf6 g5 39. Rd6 Kf7 40.
Rd7+ Kxf6 41. Rxb7 Rh8 42. Rc7 Rxh3+ 43. Ke4 Rg3 44. Rxc5 Rxg4+ 45. Ke3 Rg3+
46. Kf2 Rd3 47. Ra5 Rd6 48. Kf3 e5 49. c5 Rd3+ 50. Ke4 Rd4+ 51. Ke3 g4 52. c6
g3 53. c7 g2 54. Rxa6+ Kg5 55. Kf2 Rd2+ 56. Kg1 Rc2 57. b4 Kf4 58. b5 Rxc7 59.
Ra3 e4 60. b6 e3 61. bxc7 e2 62. c8=Q e1=Q+ 63. Kxg2 Qe2+ 1/2-1/2

[Event "Torneo A"]
[Site "Formia ITA"]
[Date "1995.07.??"]
[Round "?"]
[White "Palac, Mladen"]
[Black "Godena, Michele"]
[Result "0-1"]
[WhiteElo "2515"]
[BlackElo "2420"]
[PlyCount "133"]
[EventDate "1995.07.20"]

1. e4 e5 2. Nf3 Nc6 3. Bb5 a6 4. Ba4 Nf6 5. O-O b5 6. Bb3 Bc5 7. a4 Bb7 8. d3
d6 9. Nc3 b4 10. Nd5 Nxd5 11. Bxd5 O-O 12. a5 Rb8 13. c3 bxc3 14. bxc3 Ne7 15.
Bc4 Ng6 16. Qe2 Ba7 17. Be3 Bxe3 18. Qxe3 d5 19. exd5 Qd6 20. Qa7 Bxd5 21. Qxa6
Bc6 22. Qa7 Bxf3 23. gxf3 Nh4 24. Rfb1 Nxf3+ 25. Kg2 Rxb1 26. Rxb1 e4 27. dxe4
Nd2 28. Rb8 Qg6+ 29. Kh3 Qh5+ 30. Kg3 Qg5+ 31. Kh3 Qh5+ 32. Kg3 Qf3+ 33. Kh4
Qf4+ 34. Kh3 Qf3+ 35. Kh4 Qxe4+ 36. Kg3 Qf3+ 37. Kh4 Qf4+ 38. Kh3 Qf5+ 39. Kg3
Qf3+ 40. Kh4 Qe4+ 41. Kg3 Nxc4 42. a6 Qg6+ 43. Kh3 Qf5+ 44. Kg3 Qg5+ 45. Kh3
Qh6+ 46. Kg3 Qd6+ 47. Kh3 Nb6 48. Qb7 Qd7+ 49. Kg3 h5 50. f3 Rxb8 51. Qxb8+ Kh7
52. Qb7 Qd6+ 53. Kh3 Qe6+ 54. Kg2 Qe2+ 55. Kh3 g5 56. a7 g4+ 57. Kg3 Qxf3+ 58.
Qxf3 gxf3 59. Kxf3 Kg6 60. c4 c5 61. Ke4 Kf6 62. h4 Ke6 63. Kf4 f6 64. Ke4 f5+
65. Kf4 Kf6 66. Kf3 Ke5 67. Ke3 0-1

[Event "Torneo A"]
[Site "Formia ITA"]
[Date "1995.07.??"]
[Round "?"]
[White "Palac, Mladen"]
[Black "Zelcic, Robert"]
[Result "1/2-1/2"]
[WhiteElo "2515"]
[BlackElo "2500"]
[PlyCount "20"]
[EventDate "1995.07.20"]

1. e4 e6 2. d4 d5 3. exd5 exd5 4. Qe2+ Qe7 5. Qxe7+ Bxe7 6. Bb5+ c6 7. Bf1 Nf6
8. Nf3 h6 9. Bd3 Be6 10. O-O Nbd7 1/2-1/2

[Event "Torneo A"]
[Site "Formia ITA"]
[Date "1995.07.??"]
[Round "?"]
[White "Piskov, Yury"]
[Black "Efimov, Igor"]
[Result "1-0"]
[WhiteElo "2535"]
[BlackElo "2450"]
[PlyCount "117"]
[EventDate "1995.07.20"]

1. d4 d6 2. Nf3 g6 3. c4 Bg7 4. Nc3 e5 5. dxe5 dxe5 6. Qxd8+ Kxd8 7. Bg5+ f6 8.
O-O-O+ Nd7 9. Bh4 Ne7 10. g4 a6 11. Bg2 Ke8 12. Bg3 g5 13. h4 h6 14. Nd2 Nf8
15. Bf3 Rb8 16. e3 Be6 17. Be2 Nfg6 18. Nde4 gxh4 19. Bxh4 Nxh4 20. Rxh4 b6 21.
Nd5 Nxd5 22. cxd5 Bd7 23. Ng3 a5 24. Bd3 Rd8 25. Bf5 Ba4 26. Rd2 Bb5 27. Be6
Bf8 28. Rc2 Bc5 29. Rc3 c6 30. Ne4 Ke7 31. Nxc5 bxc5 32. Rxc5 Kd6 33. Rc3 cxd5
34. Bf5 Bd7 35. Rh5 Be8 36. Rh1 Bd7 37. Bxd7 Rxd7 38. Kd2 Rb7 39. b3 Rb4 40. f3
d4 41. exd4 exd4 42. Rc4 Rxc4 43. bxc4 f5 44. Kd3 fxg4 45. fxg4 Kc7 46. g5 h5
47. Kxd4 Kd6 48. c5+ Kc6 49. g6 Rg8 50. Rb1 h4 51. Rb6+ Kc7 52. Ke3 h3 53. Kf3
Rf8+ 54. Kg3 Rf5 55. Kxh3 Rxc5 56. Rb3 Kd6 57. g7 Rc8 58. Rg3 Rg8 59. Kh4 1-0

[Event "Torneo A"]
[Site "Formia ITA"]
[Date "1995.07.??"]
[Round "?"]
[White "Piskov, Yury"]
[Black "Grosar, Aljosa"]
[Result "0-1"]
[WhiteElo "2535"]
[BlackElo "2485"]
[PlyCount "52"]
[EventDate "1995.07.20"]

1. d4 Nf6 2. Nf3 e6 3. e3 b6 4. c4 Bb7 5. Bd3 d5 6. cxd5 exd5 7. O-O Bd6 8. Nc3
O-O 9. b3 Nbd7 10. Bb2 c5 11. Rc1 Qe7 12. Bf5 Rad8 13. Qd3 a6 14. Rfd1 Rfe8 15.
Qf1 Bb8 16. Ba3 Bd6 17. Kh1 Ne4 18. dxc5 Bxc5 19. Bxc5 Ndxc5 20. Nd4 g6 21. Bh3
Qh4 22. g3 Qxh3 23. Qxh3 Nxf2+ 24. Kg2 Nxh3 25. Kxh3 Rxe3 26. b4 Ne4 0-1

[Event "Torneo A"]
[Site "Formia ITA"]
[Date "1995.07.??"]
[Round "?"]
[White "Piskov, Yury"]
[Black "Tatai, Stefano"]
[Result "1/2-1/2"]
[WhiteElo "2535"]
[BlackElo "2435"]
[PlyCount "43"]
[EventDate "1995.07.20"]

1. d4 Nf6 2. Nf3 d5 3. c4 e6 4. e3 c5 5. a3 dxc4 6. Bxc4 a6 7. O-O b5 8. Be2
Bb7 9. a4 b4 10. Nbd2 Nbd7 11. a5 Rc8 12. Bc4 Rc7 13. b3 Qa8 14. Bb2 Be7 15.
Qe2 O-O 16. Rfc1 cxd4 17. Bxd4 Rfc8 18. Ne1 Nc5 19. f3 Bd5 20. Rab1 Nfd7 21. e4
Bxc4 22. Rxc4 1/2-1/2

[Event "Torneo A"]
[Site "Formia ITA"]
[Date "1995.07.??"]
[Round "?"]
[White "Sulava, Nenad"]
[Black "Efimov, Igor"]
[Result "0-1"]
[WhiteElo "2390"]
[BlackElo "2450"]
[PlyCount "72"]
[EventDate "1995.07.20"]

1. d4 e6 2. Nf3 Nf6 3. c4 a6 4. c5 b6 5. cxb6 cxb6 6. Bf4 Bb7 7. e3 Be7 8. h3
O-O 9. Bd3 Nc6 10. a3 Nd5 11. Bh2 f5 12. Nbd2 Kh8 13. h4 b5 14. e4 Nb6 15. Rc1
Rc8 16. Kf1 Na4 17. Rc2 Na5 18. Ng5 h6 19. Be5 Kg8 20. d5 Nc5 21. Rxc5 Bxc5 22.
b4 Ba7 23. bxa5 hxg5 24. hxg5 Qxg5 25. Bb2 Qf4 26. Qe2 fxe4 27. Nxe4 Bxd5 28.
f3 Bc4 29. Rh5 Qe3 30. Qxe3 Bxe3 31. Ke2 Bc1 32. Bd4 Rf5 33. Rh4 Rd5 34. Bxc4
Rxc4 35. Ba1 Rc2+ 36. Ke1 Bxa3 0-1